| 000 | 00700nam a2200217Ii 4500 | ||
|---|---|---|---|
| 003 | JO-AjNU | ||
| 008 | 230605s9999||||xx |||||||||||||| ||und|| | ||
| 017 | _a2008/5/1372 | ||
| 040 |
_aJO-AjNU _bara _erda _cJO-AjNU |
||
| 041 | _aara | ||
| 050 | 1 | 4 | _aHF5458. Z8222 2009 |
| 100 | 3 |
_aالزعبي، علي فلاح, _eauthor _959256 |
|
| 245 | 0 | 0 | _aإدارة المبيعات: منظور تطبيقي وظيفي |
| 250 | _aط1 | ||
| 264 | 3 | 1 | _aعمان: دار اليازوري للنشر والتوزيع، 2009 |
| 300 | _a400ص | ||
| 336 |
_atext _btxt _2rdacontent |
||
| 337 |
_aunmediated _bn _2rdamedia |
||
| 338 |
_avolume _bnc _2rdacarrier |
||
| 650 | 4 |
_aإدارة المبيعات _959257 |
|
| 999 |
_aA26656 _c30224 _d30224 |
||